003860000a22001090004500090001700000245007200017041001400089100003900103942001300142773010400155999001700259 aASbSeriadas10aBotánica económica: una disciplina necesaria para el desarrollo0 aEspañol1 aFernández Pérez, Alvaro994010 cARTICULO1 tRevista de la Academia Colombiana de Ciencias Exactas, Fisicas y Naturales332h63q27-35d1988g16 c14128d14128